000 01487nam a2200433 i 4500
001 29230
003 KOSZ 005
005 20200617124059.0
008 971216s1987 pl a f |000 0 srp
015 _aUWD 1988/4971
035 _a991003350319705066
035 _a(PL-WaBN)b10898190-48omnis_nlop
035 _ab10898190
035 _a(OCoLC)835033071
035 _a(PL)b0000001089819
035 _a(EXLNZ-48OMNIS_NETWORK)9910084576205606
040 _aWA N
_cWA N
_dKOSZ 005/EG
041 0 _asrp
_ahrv
_apol
080 _a811.163.1:811.162.1'374
100 1 _aFrančić, Vilim
_d(1896-1978)
_eAutor
245 1 0 _aSłownik serbsko-chorwacko-polski.
_nT. 2,
_pN-Ż /
_cVilim Frančić.
246 3 1 _aSrpskohrvatsko poljski rječnik
250 _a[Wyd. 2].
260 _aWarszawa :
_b"Wiedza Powszechna" : na zlec. "Ars Christiana",
_c1987.
300 _aVII, [1], 1312 s. :
_berr. ;
_c21 cm.
336 _aTekst
_btxt
_2rdacontent
337 _aBez urządzenia pośredniczącego
_bn
_2rdamedia
338 _aWolumin
_bnc
_2rdacarrier
380 _aKsiążki
388 _a1901-2000
388 _a1945-1989
500 _aPrzedr. z wyd. 1.
655 7 _aSłownik serbsko-chorwacko-polski
_2DBN
658 _aJęzykoznawstwo
710 2 _aPaństwowe Wydawnictwo Wiedza Powszechna
_4pbl
856 _uhttp://koha.tu.koszalin.pl/cgi-bin/koha/opac-detail.pl?biblionumber=29230
_yKatalog online BPK
942 _2UKD
_cKS
999 _c29230
_d29230